000 01372nam a2200301Ia 4500
003 OSt
005 20210209145809.0
007 ta
008 130821s2002 sp gr jdspa
020 _a9588089492
040 _aCo-BoUCM
_bspa
_cCO-JMCR
041 0 0 _aspa
082 0 4 _aC /
_220
_bALLn /
100 _aPoe, Edgar Allan
_eautor
_9132
245 0 0 _aNarraciones extraordinarias /
_cEdgar Allan Poe ; traducción de Domingo Santos
260 _aBogotá :
_bCasa editorial El Tiempo,
_c2002
300 _a221 páginas ;
_c21 cm.
490 _aBiblioteca El Tiempo. Serie II clásicos ;
_v4
500 _aIncluye notas a pie de página.
500 _aDatos biográficos del autor en tapa posterior.
505 _aLos crímenes de la rue Morgue -- El misterio de Marie Rogêt -- La carta robada -- La caída de la casa de Usher -- El corazón delator -- La máscara de la Muerte roja -- El gato negro -- El pozo y el péndulo -- El barril de amontillado -- Ligeia
520 _aLas narraciones extraordinarias son historias fascinantes, misteriosas, conmovedoras y aterradoras.
600 _aPoe, Edgar Allan
_d1809-1849
_vColecciones de escritos
_9133
650 0 4 _aCuentos estadounidenses
_912271
650 0 4 _aLiteratura estadounidense
_918653
700 _aSantos, Domingo,
_etraductor
_9134
942 _cBK
_a18
_e1
_h813.3
_mP743
_2ddc
999 _c6423
_d6423